Le style au microscope: dramaturges par criticus
Guardat en:
| Autors principals: | , , , , , , , , , |
|---|---|
| Format: | Llibre |
| Idioma: | francès |
| Publicat: |
París
Calmann-Lévy
1952
|
| Matèries: | |
| Etiquetes: |
Afegir etiqueta
Sense etiquetes, Sigues el primer a etiquetar aquest registre!
|
MARC
| LEADER | 00000nam a2200000 a 4500 | ||
|---|---|---|---|
| 001 | UCZ7757 | ||
| 003 | CL-VaPUC | ||
| 008 | 960109e19520000FR |||||||||||||||||fre|d | ||
| 082 | 0 | 4 | |a 842 |b ACH |2 21 |
| 100 | 0 | |a Achard, Marcel |e author |9 352733 | |
| 700 | 0 | |a Anouilh, Jean |e author |9 339519 | |
| 700 | 0 | |a Claudel, Paul |e author |9 333185 | |
| 700 | 0 | |a Cocteau, Jean |e author |9 266449 | |
| 700 | 0 | |a Crommelynck, Fernand |e author |9 352734 | |
| 700 | 0 | |a Deval, Jacques |e author |9 352735 | |
| 700 | |a Giraudoux, Jean |e author |9 354312 | ||
| 700 | 0 | |a Guitry, Sacha |e author |9 352737 | |
| 700 | |a Lenormand, H. R |e author |9 362621 | ||
| 700 | 0 | |a Roussin, André |e author |9 352739 | |
| 245 | 1 | 3 | |a Le style au microscope: dramaturges par criticus |
| 300 | |a 287 p | ||
| 942 | |c BK | ||
| 945 | |d 19960109 00:00:00 |a mcarcey | ||
| 260 | |a París |b Calmann-Lévy |c 1952 | ||
| 650 | 7 | |a DRAMAS FRANCESES |2 CL-VaPUC |9 267189 | |
| 583 | |a last modification |c 19960109 00:00:00 |k Rodrigo Vera | ||
| 999 | |c 243768 |d 243766 | ||
| 952 | |0 0 |1 0 |4 0 |6 842_000000000000000_ACH_1952 |7 0 |8 A |9 257564 |a BIBEDU |b BIBEDU |d 2019-11-19 |i 3162699 |o 842 ACH 1952 |p 3162699 |r 2019-11-19 |w 2019-11-19 |y BK |k LIT | ||